|
|
|
|
| LEADER |
00000nab a2200000uu 4500 |
| 001 |
vtls011444242 |
| 003 |
SK-MaSNL |
| 005 |
20260304001109.0 |
| 008 |
230313|1976 xo |||||||||||||||||slo| |
| 015 |
|
|
|a SNBRB
|
| 035 |
|
|
|a (urnnbn)urn:nbn:sk:snk:ar-003ci6
|
| 035 |
|
|
|a (uuid)b97abc64-3268-43a7-b116-7435b6342892
|
| 035 |
|
|
|a urn:nbn:sk:snk-abchuh
|
| 040 |
|
|
|a SNKBUCL
|b slo
|c SNKBUCL
|e AACR2
|
| 041 |
0 |
|
|a slo
|
| 044 |
|
|
|a xo
|c SK
|
| 100 |
1 |
|
|a Jurík, Ľuboš,
|d 1947-2021
|4 aut
|9 98669
|
| 245 |
1 |
0 |
|a TANEČNICA
|c Luboš Jurík
|
| 773 |
0 |
|
|t Romboid
|g Roč. 11, č. 7 (1976), s. 49-54
|
| 958 |
|
|
|a OND
|
| 958 |
|
|
|a EUIPO
|
| 958 |
|
|
|a article16
|
| 999 |
|
|
|c 2534607
|d 2536537
|